000 00364nam a2200145Ia 4500
008 190704s9999||||xx |||||||||||||| ||und||
020 _a9781879505971
082 _a791.433
_bCGO/C
100 _aCgoldberg, Eric
245 0 _aCharacter Animation Crash Course
260 _aLos Angeles
_bSilman/James
_c2008
300 _a218p.
700 _aBird, Brad
942 _cBK
999 _c6374
_d6374